000 00488nam a22001817a 4500
999 _c131420
_d131420
005 20230822120939.0
008 230822b ||||| |||| 00| 0 eng d
020 _a9694424658
040 _cPK-LaUMT
082 _a891.4393
_bRAZ-Z
100 _aRazia Butt = رضیہ بٹ
245 _aZindhgi = زندگی /
_cby Razia Butt = رضیہ بٹ
260 _aLahore :
_bMaqbool Academy,
_c1995
300 _a287 p.
650 _aUrdu literature
650 _aUrdu fiction
942 _cBK